[Event "WWRR Tienkampen 2020"]
[Site "Wachtebeke"]
[Date "2020.02.26"]
[Round "7.2"]
[White "Barzeele, Raf"]
[Black "Verduyn, Frederic"]
[Result "1/2-1/2"]
[WhiteElo "1954"]
[BlackElo "2096"]
[Annotator "TA"]
[PlyCount "69"]
[EventDate "2020.02.22"]
[EventType "swiss"]
[EventCountry "BEL"]
[SourceTitle "playchess.com"]
[Source "ChessBase"]
[SourceQuality "1"]

{[%evp 14,69,29,0,26,25,36,-28,0,-26,-39,-180,-55,-231,-127,-135,-97,-95,-89,-84,-91,-100,-98,-97,-89,-97,-78,-116,-83,-127,-127,-90,-32,-146,-23,-25,-24,-25,0,-65,0,-2,-2,-5,24,21,13,-22,0,0,66,68,71,65,59,0,65,0]} 1. c4 d6 2. g3 e5 3. Bg2 f5 4. d3 Nf6 5. Nc3 c6 6. Nf3 Be7 7. O-O O-O 8. c5 Qe8 {A21: English Opening: 1...e5 2 Nc3.} 9. cxd6 Bxd6 {[#]} 10. Qa4 $146 (10. e4 $14) ({Predecessor:} 10. b4 Kh8 11. Rb1 Nd5 12. Qb3 Be6 13. Ng5 Nxc3 14. Qxc3 Bxa2 15. Ra1 Bg8 16. Bb2 {0-1 (24) Zlotnikov,M (2385)-Minasian,A (2545) New York 1993}) 10... Na6 $11 {[%cal Bb8a6,Ba6c5,Bc5e6,Be6d4][%mdl 32] Black has an edge.} 11. a3 Nc5 12. Qh4 (12. Qd1 $15) 12... h6 (12... Nb3 $19 13. Rb1 h6) 13. Nd2 $2 {[#]} (13. d4 $15 exd4 14. Qxd4) 13... Ng4 (13... Be7 $1 $19 14. Bh1 {[#]} f4 $1 {[%mdl 512]}) 14. Bf3 $17 Be7 15. Qh3 Ne6 16. Bxg4 fxg4 17. Qg2 Nd4 18. Nde4 Be6 19. Be3 b5 20. Rac1 a5 21. f4 gxf3 $1 22. exf3 b4 (22... Qd7 $17 {Threatens to win with ...Bh3.} 23. g4 c5) 23. axb4 (23. Bxd4 $1 $15 exd4 24. Nb1) 23... axb4 ({But not} 23... Bxb4 $6 24. Bxd4 exd4 25. Ne2 $11) (23... Qd7 $17 24. g4 axb4) 24. Bxd4 $1 $11 exd4 25. Ne2 Bd8 26. Ra1 (26. Nf4 $11) 26... Bb6 ({Black should try} 26... Rxa1 $15 27. Rxa1 Bc7) 27. Nf4 {Hoping for Rxa8.} Rxa1 28. Rxa1 Bd5 29. Re1 $36 {[%mdl 2048] Strongly threatening Nf6+! White has the initiative.} Qd7 30. h4 Bc7 31. Nc5 Qf7 ({Black should play} 31... Qd6 $11 32. Ne4 Qd7) 32. Nxd5 $14 Qxd5 33. Ne4 Qb3 34. Nc5 Qd5 $1 {[%cal Rd5c5]} 35. Ne4 {White happily takes the draw. Accuracy: White = 51%, Black = 43%.} ({Better is} 35. Ne6 $14 Re8 36. f4) 1/2-1/2

[Event "WWRR Tienkampen 2020"]
[Site "Wachtebeke"]
[Date "2020.02.26"]
[Round "7.3"]
[White "Hamblok, Roel"]
[Black "Bishoen, Bob"]
[Result "1-0"]
[WhiteElo "2238"]
[BlackElo "1965"]
[Annotator "TA"]
[PlyCount "29"]
[EventDate "2020.02.22"]
[EventType "swiss"]
[EventCountry "BEL"]
[SourceTitle "playchess.com"]
[Source "ChessBase"]
[SourceQuality "1"]

{[%evp 12,29,64,47,66,76,252,31,37,21,52,45,77,80,72,93,198,195,685,680]} 1. d4 g6 2. Nf3 Bg7 3. g3 d6 4. Bg2 e5 5. dxe5 dxe5 6. Qxd8+ Kxd8 7. Nc3 f6 {A41: 1 d4 d6: Tartakower System and Modern Defence.} 8. b3 {[#]} Be6 $146 {[#]} (8... Bd7 $16) ({Predecessor:} 8... Nh6 9. Ba3 Nd7 10. O-O-O Bf8 11. Bb2 Nf7 12. Bh3 c6 13. Ne4 Be7 14. Nxf6 Bxf6 15. Rxd7+ Bxd7 16. Rd1 Ke8 17. Rxd7 Rb8 18. Rc7 Rg8 19. Be6 Rg7 20. Rxf7 Rxf7 21. Bxf7+ Kxf7 22. Bxe5 {½-½ (22) Ernst,S (2540)-Hopman,P (2354) Belgium 2017}) 9. Ba3 $2 (9. Ng5 $1 $18 {[%mdl 512]} fxg5 10. Bxb7) 9... Nd7 $14 {White is slightly better.} 10. O-O-O Kc8 11. Ne1 Bf8 12. Bxf8 Nxf8 13. Nd3 Nd7 {[#]} (13... c6 $16) 14. Na4 $1 $18 Nb6 $2 (14... Bf5 15. Ndc5 Nxc5) 15. Ndc5 {[%mdl 64] Double Attack. Accuracy: White = 72%, Black = 21%.} 1-0

[Event "WWRR Tienkampen 2020"]
[Site "Wachtebeke"]
[Date "2020.02.26"]
[Round "7.5"]
[White "Vandendriessche, Jan"]
[Black "Achtergaele, Koen"]
[Result "0-1"]
[WhiteElo "2067"]
[BlackElo "2071"]
[Annotator "TA"]
[PlyCount "168"]
[EventDate "2020.02.22"]
[EventType "swiss"]
[EventCountry "BEL"]
[SourceTitle "playchess.com"]
[Source "ChessBase"]
[SourceQuality "1"]

{[%evp 11,168,40,56,44,80,37,38,28,47,44,50,11,8,-25,-20,-27,85,72,104,54,66,46,120,120,112,-32,-8,-21,0,-35,-20,-39,-4,-85,-50,-57,14,-62,-58,-49,-24,-33,-39,-48,-6,-89,-81,-84,-97,-79,-102,-89,-104,-311,-293,-286,-19,-164,-171,-482,-485,-29993,-345,-319,-207,-198,-130,-147,-147,-156,-41,-41,-15,-151,-50,-66,-9,-45,-45,-87,-67,-67,0,-67,-79,-80,-24,-36,-25,-25,-39,-29981,-29982,-29987,-43,-64,-25,-37,0,-5,-9,-9,0,0,0,0,0,0,0,0,0,0,0,0,0,0,0,0,0,0,0,0,0,0,0,0,0,0,0,0,0,-29974,-29976,-29982,-29983,-29983,-29984,-29984,-29985,-29983,-29984,-29984,-29985,-29985,-29984,-29984,-29985,-29985,-29986,-29986,-29987,-29987,-29988,-29992,-29993,-29993,-29994,-29994,-29995]} 1. e4 e6 2. d3 d5 3. Nd2 Nf6 4. Ngf3 Nc6 5. c3 dxe4 6. dxe4 Bc5 7. Bb5 {C00: French: Unusual White 2nd moves.} Bd7 8. Qe2 a6 9. Bd3 {White is slightly better.} e5 10. Nc4 Qe7 {[#]} 11. Bg5 $146 ({Predecessor:} 11. Ne3 O-O 12. O-O Rfe8 13. Re1 Ng4 14. Nd5 Qd6 15. Rf1 Ne7 16. Nxe7+ Qxe7 17. Bg5 {1-0 (56) Lind,J (2305)-Nordstrom,F (2310) Ystad 1981}) 11... h6 12. Bh4 g5 $36 {[%mdl 2048] White is under pressure.} 13. Bg3 {[%cal Rf3e5]} Bg4 (13... Nh5 $1 $11) 14. b4 $16 Bd6 15. O-O h5 {Strongly threatening ...h4.} 16. h3 h4 (16... Bxf3 $1 $14 17. Qxf3 g4) 17. Bh2 Bh5 18. Ne3 (18. Qe3 $16) 18... g4 $15 19. hxg4 Bxg4 20. Nxg4 Nxg4 21. a4 Nd8 22. Bc4 (22. Nd4 $1 $11 Nxh2 23. Nf5) 22... Rg8 $17 23. Rad1 h3 (23... Ne6 $15 24. Bxe6 fxe6) 24. Bg3 (24. g3 $1 $11) 24... hxg2 $15 25. Kxg2 Ne6 26. Bxe6 Qxe6 27. Nh4 Nh6 28. Rd3 (28. a5 $11) 28... O-O-O $17 29. a5 f5 30. Nxf5 Nxf5 31. exf5 Qxf5 32. Rh1 $2 (32. Re3 $17 {is a better defense.}) 32... e4 $19 33. Re3 {intending Rh4.} Qg6 $2 (33... Bf4 $1 $19 {[%cal Rf4e3]} 34. Rh4 Bxe3 35. Qxe3 Rd3) 34. Qh5 (34. Rh4 $1 $11 {and White is okay.}) 34... Qf6 {...Bxg3 is the strong threat.} 35. Qh4 $2 {[#]} (35. Rh3 {is more resistant.}) 35... Bxg3 $1 {[%mdl 512]} 36. Rxg3 (36. Qxf6 $19 Bh4+ 37. Kf1 Bxf6 38. Rhh3) 36... Qc6 $2 (36... Qf3+ 37. Kh2 Qxf2+ 38. Kh3 Rxg3+ {[%mdl 64] Overworked Piece} 39. Qxg3 Rh8+ 40. Kg4 Rg8+ {[%mdl 64] Skewer} 41. Kh5 Qxg3 42. Kh6 Rh8#) 37. Qh6 {and if Qxc6 works, White does fine.} Qc4 {And now ...e3 would win.} 38. Re1 Qd5 (38... Rgf8 $1 $19 39. Rg7 Qxc3 40. Qh3+ Qxh3+ 41. Kxh3 Rd3+ 42. Kg2 Rd4) 39. Qe3 $17 Rde8 40. Qd4 Qc6 ({Black should try} 40... Qe6 $1 $17 41. Ree3 Rgf8) 41. Ree3 $1 $15 Kb8 42. c4 (42. Rxg8 $1 $11 {remains equal.} Rxg8+ 43. Kh2) 42... Rxg3+ (42... Rh8 $1 $17 43. Rh3 Rhf8) 43. fxg3 $17 {[%mdl 4096] Endgame KQR-KQR} Qa4 ({Black should play} 43... Kc8 $15) 44. Qd2 Qa1 45. Re1 Qa3 46. Re3 Qa1 47. Re1 Qf6 {( -> ...Qf3+)} 48. Re3 Qe6 (48... Rd8 $17 49. Qe1 Rd4) 49. Qd5 $11 Qg4 50. Qd4 Qf5 {White must now prevent ...Rf8.} 51. Qd2 $2 {[%mdl 8192]} (51. Qd5 $15 Qh7 52. Re1) 51... Rh8 $1 52. Kg1 Rf8 $2 (52... Qh5 {mates} 53. Qg2 Qd1+ 54. Qf1 Rh1+ $1 {[%mdl 576] Skewer, Deflection} 55. Kxh1 Qxf1+ 56. Kh2 Qf2+ {[%mdl 64] Double Attack} 57. Kh3 Qxe3 58. b5 Qf3 $1 {[%mdl 512]} 59. Kh4 e3 60. Kg5 e2 61. Kg6 e1=Q {[%mdl 64] Double Attack} 62. g4 Qxg4+ {[%mdl 64] Double Attack} 63. Kf7 Qee6+ {[%mdl 64] Double Attack} 64. Kf8 Qgg8#) 53. Qe2 $15 Qe5 54. Kg2 Rg8 55. b5 axb5 56. cxb5 Rg5 57. a6 Qxb5 58. Qxb5 Rxb5 59. axb7 $11 {KR-KR} Re5 60. g4 Kxb7 61. Kg3 Kc6 62. Rc3+ Kd5 {aiming for ...e3.} 63. Rxc7 e3 {Hoping for ...e2.} 64. Rc1 Ke4 65. Ra1 Rd5 66. Ra4+ Rd4 67. Ra3 Rd1 68. Ra4+ Rd4 (68... Kd3 $5 69. Ra3+ $8 Kd4 70. Ra4+ Kd3 71. Ra3+ Ke4 72. Ra4+ Rd4 $11) 69. Ra3 Rd1 70. Ra4+ Kd3 71. Kf3 $2 {[%mdl 8192]} (71. Ra3+ $11 Ke4) 71... Rf1+ {Black mates.} 72. Kg2 e2 73. Ra3+ Ke4 74. Ra4+ Ke5 75. Ra5+ Kd6 76. Ra6+ Ke7 77. Ra7+ Kf8 78. Ra8+ {[#]} Kg7 $1 79. Ra7+ Kg6 80. Ra6+ Kg5 81. Ra5+ Kh4 82. Ra8 e1=Q {[%csl Ge1][%cal Rf1f2]} 83. Rh8+ Kg5 84. Rg8+ Kh6 {Accuracy: White = 59%, Black = 66%.} 0-1

[Event "WWRR Tienkampen 2020"]
[Site "Wachtebeke"]
[Date "2020.02.26"]
[Round "8.1"]
[White "Roels, Frederik"]
[Black "Achtergaele, Koen"]
[Result "0-1"]
[WhiteElo "1935"]
[BlackElo "2071"]
[Annotator "TA"]
[PlyCount "42"]
[EventDate "2020.02.22"]
[EventType "swiss"]
[EventCountry "BEL"]
[SourceTitle "playchess.com"]
[Source "ChessBase"]
[SourceQuality "1"]

{[%evp 17,42,17,13,9,22,-110,-122,-107,-108,-326,-326,-311,-317,-440,-430,-445,-407,-427,-416,-481,-486,-706,-694,-1650,-1607,-1909,-1807]} 1. d4 d5 2. c4 e6 3. Nc3 c5 4. cxd5 exd5 5. Nf3 Nc6 6. g3 Nf6 7. Bg2 cxd4 8. Nxd4 Bc5 9. Nxc6 bxc6 10. O-O {D33: Tarrasch Defence: 6 g3 sidelines.} O-O 11. e4 {[#]} (11. Qc2 $11 {remains equal.}) 11... Ba6 $146 ({Predecessor:} 11... Be6 12. Bf4 Qd7 13. Qc2 Rac8 14. Rad1 Rfd8 15. Be5 Ng4 16. Bd4 Bxd4 17. Rxd4 c5 {0-1 (64) Tihonov,G (1956)-Chernetskiy,M (2402) Odessa 2010}) 12. Re1 {[%cal Re4d5] Black is better.} Qb6 13. Be3 $2 (13. Qf3 $17) 13... d4 $19 {[%mdl 64] [#] Double Attack} 14. Na4 dxe3 15. Nxb6 exf2+ 16. Kh1 fxe1=Q+ ({Don't play} 16... fxe1=R+ 17. Qxe1 axb6 18. Bf3 $19) 17. Qxe1 axb6 18. b4 Bd4 {Black is clearly winning.} 19. Rc1 (19. Rd1 $142 Rad8 20. Bf3) 19... Ng4 {...Nf2+ is the strong threat.} 20. Bf1 Bxf1 {[%mdl 64] [#] Discovered Attack} 21. Qxf1 Rxa2 {White got outplayed after the opening. Accuracy: White = 14%, Black = 100%.} 0-1

[Event "WWRR Tienkampen 2020"]
[Site "Wachtebeke"]
[Date "2020.02.26"]
[Round "8.2"]
[White "Soubirou, Oriane"]
[Black "Vandendriessche, Jan"]
[Result "0-1"]
[WhiteElo "2142"]
[BlackElo "2067"]
[Annotator "TA"]
[PlyCount "64"]
[EventDate "2020.02.22"]
[EventType "swiss"]
[EventCountry "BEL"]
[SourceTitle "playchess.com"]
[Source "ChessBase"]
[SourceQuality "1"]

{[%evp 9,64,56,55,44,49,46,51,37,39,42,49,34,52,26,70,64,63,48,81,64,65,50,49,49,60,-33,0,0,62,78,41,-92,-87,-127,-94,-131,-138,-173,-172,-525,-556,-555,-634,-677,-670,-541,-677,-664,-636,-657,-653,-584,-570,-1958,-2378,-1570,-1426]} 1. e4 g6 2. d4 Bg7 3. Nf3 d6 4. Bc4 a6 5. O-O e6 6. Bb3 {B06: Modern Defence.} Ne7 7. Re1 O-O 8. Nbd2 {[%cal Bb1d2,Bd2f1,Bf1g3][%mdl 32] White is slightly better.} Nd7 9. Nf1 b6 10. Ng3 Bb7 11. h4 h6 12. h5 g5 13. c3 Nf6 14. Bc2 c5 {[#]} 15. Qe2 $146 ({Predecessor:} 15. Nxg5 hxg5 16. Bxg5 Nh7 17. Be3 cxd4 18. cxd4 Kh8 19. h6 Bf6 20. Nh5 Rg8 21. Nxf6 Nxf6 22. Qf3 Nf5 23. Qf4 Rg4 24. exf5 Rxf4 25. Bxf4 Qg8 26. g3 Qg4 {0-1 (26) Teran Alvarez,I (2432)-Abbasov,F (2537) Seville 2011}) 15... cxd4 16. cxd4 a5 17. e5 (17. Bd3 $14) 17... dxe5 (17... Ba6 {looks sharper.} 18. exf6 Bxe2 19. fxe7 Qxe7 20. Rxe2 Qb7) 18. dxe5 Ba6 ({Better is} 18... Ng4 $11) 19. exf6 $14 Bxe2 20. fxe7 (20. fxg7 $14 {was forced to keep a grip.} Kxg7 21. Rxe2) 20... Qxe7 $17 21. Rxe2 Qb4 22. Rb1 Rac8 23. Bd3 {[#]} Rfd8 $1 {[%cal Rd8d3]} 24. Re4 $2 (24. Bd2 {is tougher.} Qa4 25. b3) 24... Rxd3 $19 {Black is clearly winning.} 25. Rxb4 {Black must now prevent Re4.} Rd1+ {[%mdl 64] Double Attack, Zwischenzug} ({Weaker is} 25... axb4 26. Be3 $15) 26. Kh2 axb4 27. Ne2 Rc2 28. Nfg1 f5 29. g3 e5 30. Kg2 e4 31. f4 Bf8 32. g4 gxf4 {Accuracy: White = 62%, Black = 81%.} 0-1

[Event "WWRR Tienkampen 2020"]
[Site "Wachtebeke"]
[Date "2020.02.26"]
[Round "8.4"]
[White "Verduyn, Frederic"]
[Black "Hamblok, Roel"]
[Result "1/2-1/2"]
[WhiteElo "2096"]
[BlackElo "2238"]
[Annotator "TA"]
[PlyCount "26"]
[EventDate "2020.02.22"]
[EventType "swiss"]
[EventCountry "BEL"]
[SourceTitle "playchess.com"]
[Source "ChessBase"]
[SourceQuality "1"]

{[%evp 9,26,-37,-33,-32,-33,-26,-20,-43,-31,-24,-29,-26,6,-64,-67,-215,-237,-258,-264]} 1. e4 e5 2. Nf3 Nc6 3. d3 Nf6 4. Nbd2 Bc5 5. h3 d5 6. Be2 {C44: Ponziani Opening and Scotch Gambit.} O-O 7. c3 a5 8. Qc2 {The position is equal.} Re8 9. Nf1 Be6 {[#]} 10. Ng5 $146 ({Predecessor:} 10. Bg5 h6 11. Bd2 Bf8 12. g4 Nh7 13. Qc1 f6 14. Ng3 Ne7 15. Nh4 Ng5 16. Nhf5 {1-0 (31) Steadman,M (2258)-Nagorski,A (1797) Wellington 2019}) 10... Bc8 11. g4 (11. exd5 $11 Qxd5 12. Ne4) 11... Ne7 12. f4 {[#]} (12. Be3 $15 Bxe3 13. Nxe3) 12... dxe4 $1 $19 13. dxe4 {[#]} exf4 $1 {[%mdl 32768] Accuracy: White = 56%, Black = 88%. . An unexpected result.} 1/2-1/2

[Event "WWRR Tienkampen 2020"]
[Site "Wachtebeke"]
[Date "2020.02.26"]
[Round "8.5"]
[White "Van Foreest, Machteld"]
[Black "Barzeele, Raf"]
[Result "1/2-1/2"]
[WhiteElo "2075"]
[BlackElo "1954"]
[Annotator "TA"]
[PlyCount "87"]
[EventDate "2020.02.22"]
[EventType "swiss"]
[EventCountry "BEL"]
[SourceTitle "playchess.com"]
[Source "ChessBase"]
[SourceQuality "1"]

{[%evp 11,87,14,62,37,32,35,76,33,75,19,18,19,31,30,43,24,36,19,17,19,45,27,52,45,45,45,45,51,47,54,48,41,49,-15,0,0,0,0,0,-11,0,-4,10,-21,-19,-25,-11,-36,-27,-31,27,14,31,19,23,8,25,10,13,-114,-141,-140,-94,-113,-113,-99,-105,-120,-124,-118,-75,-76,-76,-152,-123,-136,0,-131]} 1. e4 c5 2. Nf3 e6 3. d4 cxd4 4. Nxd4 Nc6 5. Nc3 a6 6. Be3 Bb4 7. Bd3 {B46: Sicilian: Taimanov: 5 Nc3 a6.} Nf6 8. O-O d6 9. Na4 {[#] Nxc6 is the strong threat.White is better.} Ba5 $146 ({Predecessor:} 9... Ne5 10. Nf3 Nxd3 11. Qxd3 Ba5 12. c4 Bd7 13. Nc3 Bc6 14. Nd4 O-O 15. f3 Qe7 {1-0 (37) Thorhallsson,T (2489)-Vidarsson,J (2352) Reykjavik 1999}) 10. c4 (10. Nxc6 $16 bxc6 11. Qe2) 10... Nxd4 $11 11. Bxd4 e5 12. Be3 Ng4 13. Bc1 Be6 14. Be2 Nf6 15. Bg5 Bc7 16. Nc3 h6 17. Bxf6 Qxf6 18. Qa4+ Bd7 19. Qb4 {Black must now prevent Nd5.} Bc6 20. Nd5 Qd8 21. Rfd1 O-O 22. f3 (22. Nxc7 $14 Qxc7 23. Rxd6 (23. Qxd6 Qxd6 24. Rxd6 Rfd8 $11)) 22... Bxd5 (22... Bb8 {is interesting.} 23. g3 Ba7+ 24. Kg2 a5 25. Qd2 Bd7) 23. Rxd5 Bb6+ 24. Kh1 Bc5 25. Qb3 g5 26. Rad1 {[#] And now Rxc5! would win.} Qe7 27. Qa4 a5 28. Qb3 Ra6 29. R5d3 Kg7 30. Qc3 f5 (30... a4 $15) 31. exf5 Rxf5 32. Rd5 Qf6 33. Rf1 Rf4 34. Qd3 e4 (34... Qf7 {seems wilder.} 35. Rd1 a4 36. Rf1 Rb6 37. b3 axb3 38. axb3 g4) 35. Qc3 (35. Qb1 $11) 35... Qxc3 $17 36. bxc3 exf3 37. Rxf3 Rxf3 38. Bxf3 {[%mdl 4096] Endgame KRB-KRB} Rb6 39. Rd2 Rb1+ 40. Bd1 Kf6 41. g3 Rc1 42. Rd3 (42. Kg2 $142) 42... Ra1 43. Rd2 Rc1 44. Rd3 $1 {Accuracy: White = 70%, Black = 78%.} 1/2-1/2

[Event "WWRR Tienkampen 2020"]
[Site "Wachtebeke"]
[Date "2020.02.27"]
[Round "9.1"]
[White "Barzeele, Raf"]
[Black "Roels, Frederik"]
[Result "1/2-1/2"]
[WhiteElo "1954"]
[BlackElo "1935"]
[Annotator "TA"]
[PlyCount "34"]
[EventDate "2020.02.22"]
[EventType "swiss"]
[EventCountry "BEL"]
[SourceTitle "playchess.com"]
[Source "ChessBase"]
[SourceQuality "1"]

{[%evp 17,21,35,69,81,76,35]} 1. c4 Nf6 2. g3 c6 3. Bg2 g6 4. Nc3 Bg7 5. e4 d6 6. Nge2 e5 7. O-O O-O 8. d3 Be6 {8...a6 is more fashionable.} 9. h3 d5 10. exd5 {A24: English Opening vs King's Indian: Lines without ...Nc6.} cxd5 11. Bg5 {[#]} {Predecessor:} dxc4 $146 12. Bxb7 Nbd7 13. Bxa8 Qxa8 14. Kh2 Qf3 15. Ng1 Qxd3 16. Qa4 Rb8 17. Rad1 Qf5 {1-0 (29) Gumularz,S (2376)-Belous,M (2348) Krakow 2018} 1/2-1/2

[Event "WWRR Tienkampen 2020"]
[Site "Wachtebeke"]
[Date "2020.02.27"]
[Round "9.2"]
[White "Hamblok, Roel"]
[Black "Van Foreest, Machteld"]
[Result "0-1"]
[WhiteElo "2238"]
[BlackElo "2075"]
[Annotator "TA"]
[PlyCount "86"]
[EventDate "2020.02.22"]
[EventType "swiss"]
[EventCountry "BEL"]
[SourceTitle "playchess.com"]
[Source "ChessBase"]
[SourceQuality "1"]

{[%evp 14,86,20,21,42,46,47,37,64,20,29,6,29,12,53,16,15,18,14,18,12,18,22,12,0,-11,-5,-28,-22,-26,-16,-22,-25,-76,-66,-79,-50,-55,-49,-91,-73,-166,-88,-147,-145,-135,-89,-288,-277,-259,-222,-215,-226,-1165,-1156,-629,-551,-688,-682,-625,-562,-524,-133,-225,-225,-225,-225,-575,-575,-1072,-914,-1070,-1010,-1020,-665]} 1. d4 Nf6 2. Nf3 e6 3. Bf4 c5 4. e3 d5 5. c3 Nc6 6. Nbd2 Bd6 7. Bg3 cxd4 8. exd4 Qc7 {D02: 1 d4 d5 2 Nf3 sidelines, including 2...Nf6 3 g3 and 2...Nf6 3 Bf4.} 9. Bd3 O-O 10. Qe2 Ne7 {White is slightly better.} 11. Ne5 Nf5 {[#]} 12. Ndf3 $146 ({Predecessor:} 12. Ng4 Nxg4 13. Qxg4 Re8 14. Bxd6 Qxd6 15. Nf3 f6 16. O-O Nh6 17. Qh5 Bd7 18. Rfe1 {½-½ (43) Langer,R (1749)-Gatterdam,K (1705) Germany 2017}) 12... a6 13. O-O (13. a3 {seems wilder.} Nh5 14. Ng4 Nf4 15. Bxf4 Bxf4 16. O-O) 13... Nd7 (13... Nh5 {is more complex.} 14. Rae1 f6 15. Ng4 Nhxg3 16. hxg3 Qf7) 14. Bxf5 exf5 15. Nxd7 Bxd7 16. Bxd6 Qxd6 17. Qe5 Qc6 18. Rfe1 Rae8 19. Qf4 Re4 20. Qd2 f6 21. Rac1 Rfe8 22. b3 b5 23. Kf1 (23. g3 $11) 23... g5 $17 24. Qd3 Qd6 (24... Qe6 $5 {[%cal Rg5g4]} 25. Qd2 f4 $15) 25. h3 Qe7 26. Qd2 f4 27. Qb2 {[#]} (27. Rxe4 $17 dxe4 28. Nh2) 27... Bf5 (27... Bxh3 $1 $19 {[%mdl 512]} 28. gxh3 Qe6) 28. Qd2 (28. Kg1 $142) 28... Qe6 29. Ng1 b4 30. cxb4 $2 {Loses the game.} (30. Rxe4 $17 Qxe4 31. f3 Qd3+ 32. Qxd3 Bxd3+ 33. Kf2) 30... Rxe1+ $19 31. Rxe1 {[#]} Bd3+ $1 {[%mdl 512]} 32. Ne2 (32. Qxd3 Qxe1#) 32... Qe4 {Threatens to win with ...f3.} 33. f3 $2 (33. Kg1 Bxe2 34. f3 Qe3+ 35. Qxe3 Rxe3 36. Kf2) 33... Qxd4 $1 34. a4 Re3 35. b5 axb5 36. axb5 Qb6 37. Qa2 Bf5 $2 $40 {[%mdl 128] Black goes for the king.} (37... Kg7 $19 {is more deadly.} 38. Qa8 Qd4) 38. Qa8+ {[#]} (38. Rd1 $17) 38... Kg7 $1 {[%mdl 512]} 39. Qxd5 {[#]} Bd3 $1 {aiming for ...Rxe2.} 40. Qc6 $2 (40. h4 {was the crucial defense.} gxh4 41. Qd7+ Kf8 42. b4) 40... Qd4 {( -> ...Bxe2+). Black is clearly winning.} 41. Qc1 Bxb5 42. Qc2 Kh6 43. Qb1 Qd2 {Accuracy: White = 47%, Black = 74%.} 0-1

[Event "WWRR Tienkampen 2020"]
[Site "Wachtebeke"]
[Date "2020.02.27"]
[Round "9.5"]
[White "Achtergaele, Koen"]
[Black "Soubirou, Oriane"]
[Result "0-1"]
[WhiteElo "2071"]
[BlackElo "2142"]
[Annotator "TA"]
[PlyCount "76"]
[EventDate "2020.02.22"]
[EventType "swiss"]
[EventCountry "BEL"]
[SourceTitle "playchess.com"]
[Source "ChessBase"]
[SourceQuality "1"]

{[%evp 9,76,10,19,10,25,24,50,33,162,129,145,83,79,-20,-32,-15,-22,-27,-37,-43,-47,-40,-29,-103,-79,-100,-100,-100,-93,-103,-92,-131,-78,-66,0,0,0,0,0,0,0,-145,-126,-355,-359,-401,-385,-329,-390,-494,-481,-1039,-1163,-1158,-1150,-1124,-1143,-1095,-1077,-1338,-1316,-766,-754,-29984,-29985,-29993,-29994,-29994,-29995]} 1. e4 e5 2. Nf3 Nc6 3. Nc3 Nf6 4. Bb5 Bd6 5. d3 a6 6. Ba4 {C48: Four Knights: 4 Bb5, replies other than 4...Bb4.} h6 7. O-O Qe7 {[#]} 8. Nd5 $146 {White is slightly better.} ({Predecessor:} 8. Bb3 Na5 9. Re1 Nxb3 10. axb3 c5 11. Be3 Bb8 12. Na4 Ba7 13. b4 b6 14. bxc5 bxc5 {½-½ (49) Schiffers,E-Winawer,S Nuremberg 1896}) 8... Qe6 ({Black should try} 8... Nxd5 $14 9. exd5 b5) 9. Bb3 {Strongly threatening Nxc7+!} Qg4 {[#]} 10. Nxf6+ (10. Ne3 $142 $1 {[%cal Re3g4]} Qh5 11. Nf5) 10... gxf6 $16 11. Bxf7+ (11. Be3 $16) 11... Kxf7 $11 {[#]} 12. Ng5+ $1 {[%mdl 576] [#] Discovered Attack} Qxg5 $1 {[%mdl 512]} (12... fxg5 13. Qxg4) 13. Bxg5 hxg5 14. c3 Bc5 {[%mdl 1024] Black has compensation.} 15. b4 Bb6 16. Qb3+ (16. a4 $11) 16... Ke7 $17 17. a4 d6 18. b5 Be6 19. Qb2 Na5 20. d4 Nc4 (20... g4 $142 21. bxa6 bxa6) 21. Qe2 {Black must now prevent d5.} exd4 (21... axb5 $15 22. d5 Bd7) 22. cxd4 $11 {aiming for d5.} Bxd4 23. Rac1 $1 {[%cal Rc1c4]} axb5 24. axb5 Be5 $36 {[%mdl 2048] Black has good play.} 25. g3 (25. Rxc4 $11 Bxc4 26. Qxc4 Bxh2+ 27. Kh1) 25... Ra4 $17 26. f4 $2 (26. Rc2 $17 c6 27. bxc6 bxc6 28. Rb1) 26... gxf4 $19 27. gxf4 Bd4+ 28. Kh1 Bb6 {Threatens to win with ...Ne3.} 29. Rc3 {[#]} Ne3 $1 {[%mdl 576] Discovered Attack} 30. Rxc7+ (30. Rxe3 $142 Ra2 31. Qxa2 Bxa2 32. Ra3) 30... Bxc7 31. Qxe3 Ra2 32. Qg3 Rg8 33. Qh4 Rag2 34. Rc1 Bb6 {( -> ...Rg1+)} 35. h3 Bg1 {[%csl Gg1][%cal Rg2h2]} 36. Rc7+ Kd8 {[%csl Gg1][%cal Rg2h2] Black mates.} 37. Rg7 R8xg7 {[%csl Gg1][%cal Rg2h2]} 38. Qxf6+ Kd7 {Accuracy: White = 48%, Black = 78%.} 0-1